[Event "Sebes GP op"]
[Site "Sebes"]
[Date "2023.11.05"]
[Round "6"]
[White "Bogdan, Horia Daniel"]
[Black "Obada, Ema"]
[Result "0-1"]
[WhiteElo "1920"]
[BlackElo "2035"]
[PlyCount "74"]
[EventDate "2023.11.04"]
[EventType "swiss"]
[EventRounds "10"]
[EventCountry "ROU"]
[SourceTitle "CB46_2023"]
[SourceDate "2023.11.15"]
[SourceVersion "1"]
[SourceVersionDate "2023.11.15"]
[SourceQuality "1"]

1. d4 Nf6 2. c4 e6 3. Nf3 c5 4. d5 d6 5. Nc3 exd5 6. cxd5 g6 7. e4 a6 8. a4 Bg4 9. Be2 Bg7 10. h3 Bxf3 11. Bxf3 0-0 12. 0-0 Nbd7 13. a5 b5 14. axb6 Qxb6 15. Be2 Ne8 16. Qa4 Ndf6 17. Qc6 Qxc6 18. dxc6 Nc7 19. Bf4 Rfd8 20. Rfd1 Nfe8 21. Ra2 Ra7 22. Nb5 Nxb5 23. Bxb5 Nc7 24. Bc4 Bd4 25. b4 Ne6 26. Bd2 Rc8 27. Bxa6 Rxc6 28. b5 Rb6 29. Rc2 Rb8 30. Bc3 Bxc3 31. Rxc3 Nd4 32. Rd2 f6 33. f4 Re7 34. Re3 Rb6 35. Kf2 Kf7 36. Re1 Ke6 37. Re3 Nxb5 0-1

[Event "Arad op 16th"]
[Site "Arad"]
[Date "2023.08.07"]
[Round "1"]
[White "Gavrilescu, David"]
[Black "Bogdan, Horia Daniel"]
[Result "1-0"]
[WhiteElo "2526"]
[BlackElo "1922"]
[PlyCount "74"]
[EventDate "2023.08.07"]
[EventType "swiss"]
[EventRounds "9"]
[EventCountry "ROU"]
[SourceTitle "EXT 2024"]
[Source "ChessBase"]
[SourceDate "2023.10.10"]
[SourceVersion "1"]
[SourceVersionDate "2023.10.10"]
[SourceQuality "1"]

1. e4 e5 2. Bc4 Bc5 3. Nc3 Nf6 4. d3 Nc6 5. f4 d6 6. Nf3 a6 7. f5 Na5 8. Bb3 h6 9. Qe2 b5 10. Nd5 Nxb3 11. Nxf6+ Qxf6 12. axb3 g6 13. g4 gxf5 14. gxf5 Bb7 15. Be3 Bxe3 16. Qxe3 0-0-0 17. c4 Rdg8 18. Kf2 h5 19. cxb5 axb5 20. Rhc1 Kd7 21. Ra7 Rb8 22. Qg5 Qxg5 23. Nxg5 Rhf8 24. Rg1 Kc6 25. Raa1 d5 26. Ke3 Ra8 27. Rxa8 Bxa8 28. Nh7 Rd8 29. Rg7 dxe4 30. dxe4 Rd7 31. f6 Kc5 32. Ng5 Bc6 33. Nxf7 Rd1 34. Nxe5 Re1+ 35. Kd2 Rxe4 36. f7 Rf4 37. Nd3+ Kd5 1-0

[Event "Frome op"]
[Site "Frome"]
[Date "2017.05.13"]
[Round "2"]
[White "Krzyzanowski, Patryk"]
[Black "Bogdan, Horia Daniel"]
[Result "0-1"]
[WhiteElo "2078"]
[BlackElo "1918"]
[PlyCount "72"]
[EventDate "2017.05.12"]
[EventType "swiss"]
[EventRounds "5"]
[EventCountry "ENG"]
[SourceTitle "CBM 178 Extra"]
[Source "ChessBase"]
[SourceDate "2017.06.22"]
[SourceVersion "1"]
[SourceVersionDate "2017.06.22"]
[SourceQuality "1"]

1. d4 d5 2. c4 c6 3. Nf3 e6 4. cxd5 exd5 5. Qc2 Bb4+ 6. Bd2 Qe7 7. Bxb4 Qxb4+ 8. Nc3 Nf6 9. e3 0-0 10. Bd3 Bg4 11. Ne5 Bh5 12. g4 Nxg4 13. Bxh7+ Kh8 14. Nxg4 Bxg4 15. Rg1 Bh5 16. Bf5 Qd6 17. Rg3 g6 18. Bg4 Bxg4 19. Rxg4 Qxh2 20. 0-0-0 Nd7 21. e4 Nf6 22. Rgg1 Qf4+ 23. Kb1 Nxe4 24. f3 Nxc3+ 25. Qxc3 Rae8 26. Qa3 Kg7 27. Qxa7 Re2 28. Qa3 Rfe8 29. Qb4 Qf5+ 30. Ka1 Qxf3 31. Qxb7 Qf2 32. Qxc6 Rxb2 33. Rxg6+ fxg6 34. Qc7+ Kg8 35. Qa5 Ree2 36. Qd8+ Kg7 0-1

[Event "Frome op"]
[Site "Frome"]
[Date "2017.05.12"]
[Round "1"]
[White "Bogdan, Horia Daniel"]
[Black "Waddington, Mike P"]
[Result "1-0"]
[WhiteElo "1918"]
[BlackElo "2085"]
[PlyCount "65"]
[EventDate "2017.05.12"]
[EventType "swiss"]
[EventRounds "5"]
[EventCountry "ENG"]
[SourceTitle "CBM 178 Extra"]
[Source "ChessBase"]
[SourceDate "2017.06.22"]
[SourceVersion "1"]
[SourceVersionDate "2017.06.22"]
[SourceQuality "1"]

1. c4 f5 2. g3 Nf6 3. Bg2 g6 4. Nf3 Bg7 5. 0-0 0-0 6. Nc3 d6 7. d3 e5 8. Rb1 h6 9. b4 g5 10. h4 g4 11. Ne1 Nh5 12. Bd2 f4 13. Kh2 Kh8 14. d4 exd4 15. Nd5 Be5 16. Nd3 fxg3+ 17. fxg3 Bxg3+ 18. Kg1 Bf5 19. e4 dxe3 20. Bc3+ Ng7 21. Rxf5 Rxf5 22. Bxg7+ Kxg7 23. Qxg4+ Rg5 24. hxg5 Bf2+ 25. Nxf2 exf2+ 26. Kxf2 hxg5 27. Qd4+ Kf7 28. Rf1 Nc6 29. Kg1+ Kg8 30. Nf6+ Kg7 31. Ne8+ Kg6 32. Qg7+ Kh5 33. Qh7+ 1-0

[Event "ROM-ch U18"]
[Site "Calimanesti"]
[Date "2013.04.08"]
[Round "9"]
[White "Bogdan, Horia Daniel"]
[Black "Zaharia, Alexandru Cristinel"]
[Result "1-0"]
[WhiteElo "1898"]
[BlackElo "1485"]
[PlyCount "51"]
[EventDate "2013.04.02"]
[EventType "swiss"]
[EventRounds "9"]
[EventCountry "ROU"]
[SourceTitle "CBM 153 Extra"]
[Source "ChessBase"]
[SourceDate "2013.04.22"]
[SourceVersion "1"]
[SourceVersionDate "2013.04.22"]
[SourceQuality "1"]

1. d4 d5 2. c4 e6 3. Nf3 Nf6 4. g3 g6 5. Bg2 Bg7 6. 0-0 0-0 7. Qc2 Nc6 8. Rd1 Qd6 9. Bf4 Nb4 10. Qb3 Qe7 11. Nc3 Ne4 12. Nb5 Na6 13. cxd5 exd5 14. Nd2 Re8 15. Nxe4 dxe4 16. Nc3 c5 17. Nxe4 cxd4 18. Nd6 Rd8 19. Nxb7 Bxb7 20. Qxb7 Qxe2 21. Bd5 Rf8 22. Bd6 Rab8 23. Bxb8 Rxb8 24. Qxf7+ Kh8 25. Re1 Qb5 26. Re7 1-0

[Event "Krakow op-B 22nd"]
[Site "Krakow"]
[Date "2012.01.03"]
[Round "8"]
[White "Kasperek, Joanna"]
[Black "Bogdan, Horia Daniel"]
[Result "1/2-1/2"]
[WhiteElo "2028"]
[BlackElo "1906"]
[PlyCount "25"]
[EventDate "2011.12.27"]
[EventType "swiss"]
[EventRounds "9"]
[EventCountry "POL"]
[SourceTitle "CBM 146 Extra"]
[Source "ChessBase"]
[SourceDate "2012.02.29"]
[SourceVersion "1"]
[SourceVersionDate "2012.02.29"]
[SourceQuality "1"]

1. e4 e5 2. Nf3 Nf6 3. Nc3 Nc6 4. d4 exd4 5. Nxd4 Bb4 6. Nxc6 bxc6 7. Bd3 d5 8. exd5 cxd5 9. 0-0 Be6 10. Na4 c6 11. c3 Be7 12. b4 a5 13. a3 1/2-1/2

[Event "Senta op-A 15th"]
[Site "Senta"]
[Date "2011.07.17"]
[Round "3"]
[White "Amstadt, Aron"]
[Black "Bogdan, Horia Daniel"]
[Result "1-0"]
[WhiteElo "2281"]
[BlackElo "1880"]
[PlyCount "89"]
[EventDate "2011.07.16"]
[EventType "swiss"]
[EventRounds "9"]
[EventCountry "SRB"]
[SourceTitle "CBM 143 Extra"]
[Source "ChessBase"]
[SourceDate "2011.08.29"]
[SourceVersion "1"]
[SourceVersionDate "2011.08.29"]
[SourceQuality "1"]

1. d4 d5 2. c4 c6 3. Nf3 Nf6 4. e3 a6 5. Nbd2 b5 6. b3 Bg4 7. Bd3 e6 8. 0-0 Nbd7 9. Bb2 Be7 10. Qc2 Bxf3 11. Nxf3 0-0 12. Ne5 Rc8 13. c5 Qc7 14. f4 h6 15. b4 Ne4 16. Nxd7 Qxd7 17. Bxe4 dxe4 18. Qxe4 f5 19. Qc2 Qd5 20. a4 Ra8 21. Rfe1 Qe4 22. Qxe4 fxe4 23. Ra3 Ra7 24. axb5 cxb5 25. Rea1 Rc8 26. g4 g6 27. Kg2 Bf6 28. Kg3 Kf7 29. Kf2 Ke7 30. R1a2 Bg7 31. d5 Bxb2 32. d6+ Kd7 33. Rxb2 a5 34. Rba2 a4 35. Rd2 e5 36. Rd5 exf4 37. exf4 Rf8 38. Ke3 Kc6 39. Re5 Rf6 40. Rxe4 g5 41. f5 h5 42. h3 hxg4 43. hxg4 Rh7 44. Kd4 Rh1 45. Re7 1-0

[Event "ROM-ch U16"]
[Site "Voineasa"]
[Date "2010.04.08"]
[Round "1"]
[White "Bogdan, Horia Daniel"]
[Black "Stegariu, Vlad Ionut"]
[Result "0-1"]
[WhiteElo "1804"]
[BlackElo "2043"]
[PlyCount "92"]
[EventDate "2010.04.08"]
[EventType "swiss"]
[EventRounds "9"]
[EventCountry "ROU"]
[SourceTitle "EXT 2020"]
[Source "ChessBase"]
[SourceDate "2019.10.17"]
[SourceVersion "1"]
[SourceVersionDate "2019.10.17"]
[SourceQuality "1"]

1. d4 Nf6 2. Bg5 e6 3. e4 c5 4. c3 h6 5. Bxf6 Qxf6 6. e5 Qd8 7. Bd3 Qb6 8. Qb3 cxd4 9. Qxb6 axb6 10. cxd4 Nc6 11. Nf3 Nb4 12. Kd2 Nxd3 13. Kxd3 d6 14. Nc3 Bd7 15. a4 Bc6 16. Ke3 dxe5 17. dxe5 Bc5+ 18. Ke2 Ke7 19. b3 Bxf3+ 20. Kxf3 Bd4 21. Rac1 Rac8 22. Nb5 Bxe5 23. Na7 Rcd8 24. Rhe1 Bb8 25. Nb5 Rd3+ 26. Re3 Rhd8 27. Rc2 f5 28. Ke2 Rxe3+ 29. Kxe3 e5 30. Nc3 e4 31. g3 Be5 32. Ke2 Rd3 33. Nd1 Rxb3 34. Ne3 Ke6 35. Nc4 Bd4 36. Ne3 g5 37. Nd1 f4 38. Rc7 Ra3 39. Rxb7 Ra2+ 40. Ke1 Rxa4 41. Rh7 Ra1 42. Rxh6+ Kd5 43. Rg6 Bc3+ 44. Ke2 f3+ 45. Ke3 Rxd1 46. Rxg5+ Be5 0-1